Program Komise ES na rok 1993 a 1994 a Legislativní program na rok 1993
Program Komisie ES na rok 1993 a 1994. Realizácia reformy v poľnohospodárstve a rybárstve. Legislatívny program Komisie na rok 1993. Vlastný program má 5 okruhov. Očakávané legislatívne zmeny. Konsolidácia súčasnej legislatívy.
Salvato in:
| Autore principale: | |
|---|---|
| Natura: | Capitolo di libro |
| Lingua: | ceco |
| Soggetti: | |
| Tags: |
Nessun Tag, puoi essere il primo ad aggiungerne!!
|
MARC
| LEADER | 00000naa a2200000 4500 | ||
|---|---|---|---|
| 001 | r014224 | ||
| 005 | 20221213090041.1 | ||
| 041 | 0 | |a cze | |
| 044 | |a SK | ||
| 245 | 1 | 0 | |a Program Komise ES na rok 1993 a 1994 a Legislativní program na rok 1993 |c J. Hadová |
| 520 | |a Program Komisie ES na rok 1993 a 1994. Realizácia reformy v poľnohospodárstve a rybárstve. Legislatívny program Komisie na rok 1993. Vlastný program má 5 okruhov. Očakávané legislatívne zmeny. Konsolidácia súčasnej legislatívy. | ||
| 610 | 2 | 0 | |a poľnohospodárstvo |
| 610 | 2 | 0 | |a politika poľnohospodárska |
| 610 | 2 | 0 | |a legislatíva |
| 610 | 2 | 0 | |a Európske spoločenstvá |
| 610 | 2 | 0 | |a 1993-1994 |
| 100 | 1 | |a Hadová, J. | |